Véronique Sanson - Vancouver - Statistiques

Statistiques générales
  • Ce quiz a été pris 30 fois
  • Le résultat moyen est 217 sur 278
Statistiques - réponses
Parole % Correct
A
96%
de
96%
et
96%
Et
96%
je
96%
Je
96%
la
96%
96%
le
96%
Le
96%
Vancouver
96%
dans
92%
ma
92%
mon
92%
port
92%
chose
88%
des
88%
Les
88%
les
88%
ne
88%
suis
88%
un
88%
bien
84%
ça
84%
Ca
84%
jamais
84%
lit
84%
minuit
84%
quelque
84%
qui
84%
Qui
84%
ville
84%
c'est
80%
C'est
80%
chante
80%
comme
80%
en
80%
vie
80%
Aller
76%
danse
76%
du
76%
il
76%
Il
76%
midi
76%
rêve
76%
amers
72%
connais
72%
matin
72%
nuit
72%
quand
72%
vois
72%
au
68%
cherche
68%
Ils
68%
ils
68%
son
68%
sont
68%
Sont
68%
souvenirs
68%
toujours
68%
vous
68%
faut
64%
l'ai
64%
musiciens
64%
sur
64%
connu
60%
gens
60%
perdu
60%
avec
56%
Avec
56%
choix
56%
d'une
56%
mène
56%
bravos
52%
d'alcool
52%
difficile
52%
j'ai
52%
radeau
52%
rires
52%
vapeurs
52%
cheveux
48%
dont
48%
Dont
48%
collent
44%
envie
44%
filles
44%
réellement
44%
accueillent
40%
Autour
40%
l'avoir
40%
front
36%
silence
36%
volent
36%
choses
32%
n'est
28%
airs
24%
chance
20%
folles
20%
lance
20%
randonnées
20%
venue
20%
appellent
16%
J'appelle
12%
menaces
12%
0%
Aucun quiz correspondant
Distribution des résultats
% des personnes avec chaque résultat
Percentile par nombre de réponses
Votre historique - résultats
Vous n’avez pas pris ce quiz